Βιοτεχνολογία το θαύμα της γνώσης συναντά το μεγαλείο της ζωής

Εκπαιδευτικός οδηγός ο οποίος παρουσιάζει την εξέλιξη της βιοτεχνολογίας. Αναφέρεται στις βασικές αρχές της τεχνολογίας, παρουσιάζει τις μεθόδους που χρησιμοποιεί η βιοτεχνολογία καθώς και τις κύριες εφαρμογές της κλασσικής και σύγχρονης τεχνολογίας. Μέσα από ένα φιλικό περιβάλλον αναπτύσονται οι εν...

Πλήρης περιγραφή

Αποθηκεύτηκε σε:
Λεπτομέρειες βιβλιογραφικής εγγραφής
Άλλοι συγγραφείς: Σκούρας, Ζαχαρίας Γ.
Μορφή: Ηλεκτρονική πηγή
Γλώσσα:Greek
Δημοσίευση: Αθήνα : Παππασωτηρίου; Tessera Multimedia, [199?]
Θέματα:
Ετικέτες: Προσθήκη ετικέτας
Δεν υπάρχουν, Καταχωρήστε ετικέτα πρώτοι!

MARC

LEADER 00000nmm a2200000 i 4500
001 1/53876
008 040505s gr gre d
035 |l 10073170 
040 |a GR-MY-UA  |b gre  |e aacr 
041 0 |a gre 
082 0 |a 660.6  |2 (21) 
245 1 0 |a Βιοτεχνολογία  |h [αρχείο Η/Υ] :  |b το θαύμα της γνώσης συναντά το μεγαλείο της ζωής /  |c Z. Σκούρας... [κ. α.] 
260 |a Αθήνα :   |b Παππασωτηρίου; Tessera Multimedia,   |c [199?] 
300 |a 1 οπτική δισκέτα λέϊζερ Η/Υ;  |c 4 3/4 ιν. 
505 0 |a Ιστορική αναδρομή -- Βασικές αρχές -- Μεθοδολογία -- Εφαρμογές -- Βιοηθική 
520 |a Εκπαιδευτικός οδηγός ο οποίος παρουσιάζει την εξέλιξη της βιοτεχνολογίας. Αναφέρεται στις βασικές αρχές της τεχνολογίας, παρουσιάζει τις μεθόδους που χρησιμοποιεί η βιοτεχνολογία καθώς και τις κύριες εφαρμογές της κλασσικής και σύγχρονης τεχνολογίας. Μέσα από ένα φιλικό περιβάλλον αναπτύσονται οι ενότητες,με εικόνες, animation, video, αφήγηση, δυνατότητα δράσης και επέμβασης του χρήστη με ασκήσεις, δραστηριότητες προσομοιώσεις πειραμάτων καθώς και πλήρες λεξιλόγιο όρων και οργάνων 
538 |a Ελάχιστες απαιτήσεις συστήματος: επεξεργαστής Pentium 200 MHz; Windows 95/98/nt/2000; ανάλυση οθόνης 640x480; 32MB RAM; 16x CD-ROM 
650 0 0 |a Biotechnology  |x Interactive multimedia. 
700 1 |a Σκούρας, Ζαχαρίας Γ. 
852 |a INST  |b LESVOS  |c AV  |e 20040505  |h 660.6 ΣΚΟ  |p 005100028306  |q 005100028306  |t CDROM  |y 23 
901 |a BIBL1-2004-1 
909 |a Λ  |b 111185 
920 |a ΔΙΕΥΡΥΝΣΗ  |b ΕΠΕΑΕΚ-ΤΕΘ  |y ΛΕΣΒΟΣ  |z 2004-05 
970 |a ΜΑΡΙΝΑΤΟΥ  |b ΜΥΡΣΙΝΗ  |z 2004/05/05